| 000 | 01364cam a22003131 4500 | ||
|---|---|---|---|
| 001 | 3635 | ||
| 003 | BD-RjUL | ||
| 005 | 20211208233748.0 | ||
| 008 | 131219r1963 enka b 000 0 eng | ||
| 035 | _a(BD-RjUL)3669 | ||
| 035 | _a(OCoLC)2891213 | ||
| 040 |
_aDLC _cScU _dScU _dNcRS _dOCoLC _dDLC _dBD-RjUL _beng |
||
| 041 | _aeng | ||
| 082 |
_a335 _bHAC 1963 _223 |
||
| 100 | 1 |
_aHayek, Friedrich A. von _q(Friedrich August), _d1899-1992, _93508 |
|
| 245 | 1 | 0 |
_aCollectivist economic planning : _bcritical studies on the possibilities of socialism / _cby N. G. Pierson, Ludwig von Mises, Georg Halm, and Enrico Barone; edited, with an introduction and a concluding essay, by F. A. von Hayek. |
| 260 |
_aLondon : _bG. Routledge , _c1935 [impression 1963] |
||
| 300 |
_av, 293 p. : _bill. ; _c22 cm. |
||
| 504 | _a"Selected bibliography": p. 291-293. | ||
| 650 | 0 |
_aSocialism. _911520 |
|
| 650 | 0 |
_aCollectivism. _96169 |
|
| 700 | 1 |
_aPierson, N. G. _q(Nikolaas Gerard), _d1839-1909. _911521 |
|
| 700 | 1 |
_aVon Mises, Ludwig, _d1881-1973. _911273 |
|
| 700 | 1 |
_aHalm, George N. _q(George Nikolaus), _d1901-1984. _98001 |
|
| 700 | 1 |
_aBarone, Enrico, _d1859-1924. _911522 |
|
| 856 | _uhttp://www.worldcat.org/title/collectivist-economic-planning-critical-studies-on-the-possibilities-of-socialism/oclc/847788800&referer=brief_results | ||
| 942 |
_2ddc _cBK |
||
| 999 |
_c3635 _d3635 |
||